Loading...
| Literature - British Literature | 2 | 5 | 1 | 1 | 75 | 10 | 107.57 | 2 | 5 |
| Fine Arts - Other Arts | 0 | 4 | 0 | 2 | 40 | 107 | 125.25 | 1 | 1 |
| History - World History | 0 | 4 | 0 | 3 | 40 | 134 | 140.00 | 0 | 1 |
| History - European History | 0 | 5 | 2 | 2 | 40 | 119 | 140.00 | 0 | 0 |
| Literature - American Literature | 0 | 4 | 1 | 0 | 35 | 88 | 127.25 | 1 | 2 |
| Philosophy | 0 | 3 | 0 | 1 | 30 | 128 | 143.67 | 0 | 0 |
| History - American History | 2 | 1 | 2 | 1 | 30 | 42 | 92.00 | 1 | 1 |
| Literature - World Literature | 0 | 3 | 1 | 0 | 25 | 97 | 119.67 | 1 | 2 |
| Literature - European Literature | 0 | 3 | 1 | 1 | 25 | 119 | 138.33 | 0 | 0 |
| Social Science | 0 | 2 | 0 | 0 | 20 | 108 | 126.00 | 0 | 0 |
| Religion | 0 | 2 | 1 | 0 | 15 | 137 | 145.00 | 0 | 0 |
| History - Other History | 0 | 2 | 1 | 1 | 15 | 131 | 140.00 | 0 | 0 |
| Mythology | 0 | 1 | 0 | 0 | 10 | 142 | 142.00 | 0 | 0 |
| Fine Arts - Painting and Sculpture | 0 | 1 | 0 | 0 | 10 | 116 | 116.00 | 0 | 0 |
| Fine Arts - Classical Music and Opera | 0 | 1 | 0 | 1 | 10 | 147 | 147.00 | 0 | 0 |
| Other Science (Earth Science) | 0 | 1 | 0 | 0 | 10 | 111 | 111.00 | 0 | 0 |
| Other Science (Engineering) | 0 | 1 | 0 | 0 | 10 | 95 | 95.00 | 0 | 0 |
| Other Science (Math) | 0 | 1 | 0 | 0 | 10 | 150 | 150.00 | 0 | 0 |
| Science - Chemistry | 0 | 1 | 0 | 0 | 10 | 134 | 134.00 | 0 | 0 |
| Science - Physics | 0 | 1 | 0 | 1 | 10 | 146 | 146.00 | 0 | 0 |
| Other Academic | 0 | 1 | 1 | 0 | 5 | 102 | 102.00 | 0 | 1 |
| Other Science (Astronomy) | 0 | 0 | 0 | 0 | 0 | 0.00 | 0 | 0 | |
| Science - Biology | 0 | 0 | 0 | 0 | 0 | 0.00 | 0 | 0 | |
| Geography | 0 | 0 | 0 | 0 | 0 | 0.00 | 0 | 0 | |
| Other Culture | 0 | 0 | 1 | 0 | -5 | 0.00 | 0 | 0 |